| 000 | 00446nam a22001457a 4500 | ||
|---|---|---|---|
| 999 |
_c3460 _d3460 |
||
| 008 | 200616b ||||| |||| 00| 0 eng d | ||
| 041 | 0 | _aeng | |
| 245 | 1 | 0 |
_aA primer for teachers and administrators of technical education / _cedited and compiled by P.J. George. |
| 250 | _a1st ed. | ||
| 260 |
_aNew Delhi : _bISTE, _c1997. |
||
| 300 | _a172 p. | ||
| 650 | 0 | _aTechnical Education | |
| 700 |
_92849 _aGeorge, P. J. _eeditor and compiler |
||
| 942 | _cBK | ||